000 01034cam a2200289 4500
008 090401t1996 xxu||||| |||| 00| 0 eng d
020 _a0632040025
035 _a(Sirsi) u53540
041 _aeng
050 _a692.8
100 _aChappell, David
245 _aContractual correspondence for architects and project managers.
250 _a3rd ed.
260 _aOxford
_bBlackwell Science
_c1996
300 _aviii,264p. ; 24cm.
350 _a29.95
520 _aA new edition of a work which provides model letter, with commentary, for use with all the main JCT building contracts. This edition takes into account the latest amendments to JCT forms, the CDM Regulations and SFA 92 and CE/95.
520 _aSuperseded by 4th edition (ISBN 140513514X)
650 _aBUILT ENVIRONMENT-BUILDING CONTRACT FORMS
650 _aBUILDING PROJECTS
650 _aCONTRACTUAL CORRESPONDENCE
650 _aLETTERS
650 _aProject management
_96261
690 _aBUILT ENVIRONMENT
942 _n0
948 _c04/03/1997
999 _c93288
_d93288